000 00496nam a2200169 i 4500
001 78812
003 ES-MaACL
005 20230906173826.0
007 t|
008 041018s1970 sp ||||1| spa d
100 1 _aHall, Stuart.
_961577
245 1 4 _aLos hippies
_b: una contracultura /
_cStuart Hall ; [traducción, Isabel Vericat].
260 _a[Barcelona] :
_bAnagrama,
_c[1970]
300 _a77 p. ;
_c18 cm.
700 1 _aVericat, Isabel.
_9114131
852 _aES-MaACL
_jC-49223
_bR.74367
999 _c78812
_d78812